Yellow Logos Close-Up Quiz Stats

 Plays Quiz Updated Jun 27, 2018

Score 0/20 Timer 06:00
10 Plays Today
Hint Answer % Correct
McDonald's
99.1%
Shell
97.6%
Lay's
97.5%
Batman
97.4%
Pringles
95.7%
Subway
92.5%
Best Buy
92%
Chevrolet
91.1%
National Geographic
90.7%
Nikon
88.7%
Hint Answer % Correct
Post-It Notes
86.5%
Denny's
81.4%
Sonic
80.7%
Snapchat
79.4%
Ferrari
78.3%
DHL Express
69.2%
Sprint
67.9%
Los Angeles Chargers
54.9%
Caterpillar
37.4%
Chupa Chups
36.6%

You're not logged in!

Compare scores with friends on all Sporcle quizzes.
OR
Log In

Sporcle TV

Today on Sporcle TV


Watch our educational content, quiz creation guides, and fun videos on Sporcle TV.

Show Comments

Extras

Top Quizzes Today


Score Distribution

Your Account Isn't Verified!

In order to create a playlist on Sporcle, you need to verify the email address you used during registration. Go to your Sporcle Settings to finish the process.

Report this User

Report this user for behavior that violates our Community Guidelines.

Details: